| 000 | 01380nam a2200265 a 4500 | ||
|---|---|---|---|
| 001 | 000021098 | ||
| 003 | DO-SdBNP | ||
| 005 | 20250602113834.0 | ||
| 007 | ta | ||
| 008 | 100831s1994 dr a 001 0 spa d | ||
| 040 |
_aDO-SdBNP _bspa _cBNPHU |
||
| 082 | 4 |
_a972.9302 _bS593v _222 |
|
| 100 | 1 |
_aSimó, Dennis _926929 |
|
| 245 | 1 | 0 |
_aVientos alisios : _bpinceladas del descubrimiento / _cDennis Simó. |
| 260 |
_aSanto Domingo : _bCorripio, _c1994. |
||
| 300 |
_a79 p. : _bilustraciones y retratos. ; _c23 cm. |
||
| 500 | _aIncluye datos biográficos del autor en la contracubierta. | ||
| 505 | 0 |
_aPresentación _rJuan Daniel Balcácer -- _tLos vikingos -- _tIsabel asalta el poder -- _tUnificación del reino de España -- _tExpulsión de los Judíos de España -- _tMotivo del descubrimiento -- _tVientos alisios -- _tIn Nomine Nostri Jesus Christi -- _tDescubrimiento de la Española -- _tCiertos rasgos de los aborígenes -- _tEgo Vox Clamantis in Deserto -- _tAnacaona -- _gA manera de conclusión. |
|
| 590 | _aInventariado, 2021 / DG | ||
| 651 | 0 |
_aAmérica del Sur _xHistoria _yGuerras de Independencia, 1806-1830 _zEspañoles _vEnsayo, conferencias, etc. _94537 |
|
| 651 | 4 |
_aEspaña _xHistoria _y711-1516 _915648 |
|
| 651 | 0 |
_aRepública Dominicana -- _xHistoria -- _yDescubrimiento y conquista, 1492-1503 _9255 |
|
| 910 | _aValidado. Control de la calidad EMS. | ||
| 942 |
_2ddc _cLBS1 |
||
| 999 |
_c20600 _d20600 |
||